000 00157 a2200073 4500
020 _a0940058814
082 _2SWA 896.39872 SITH
_aF
_b1
245 _aENSHUNGUNSHWINI
999 _c799680
_d799679
942 _w438
_xLucy Nkosi
_y438
_zLucy Nkosi